000 00506nam a2200181 b 4500
999 _c1885
_d1885
001 bimo0000853060
003 SpMaBN
005 20171219182221.0
008 980428s1941 sp | ||| ||spa
040 _cDO-SDBH
082 _a821.581
_bH663 1941
100 1 _aAshihei, Hino
_eautor
245 1 3 _aLa guerra y el soldado /
_cAshihei Hino ; Lewis Bush ; José Lleonart
260 _aBarcelona :
_bJuventud,
_c1941
300 _a567 páginas.
650 _aNovela japonesa -- s. XX.
942 _2ddc
_cBK